[Event "Catalunya-chB"]
[Site "Spain"]
[Date "1996.11.17"]
[Round "7"]
[White "Moreno Gelabert, Josep Maria"]
[Black "Guerrero Roman, Eulalio"]
[Result "1-0"]
[WhiteElo "1965"]
[BlackElo "1900"]
[PlyCount "53"]
[EventDate "1997.??.??"]
[EventType "swiss"]
[EventRounds "8"]
[EventCountry "ESP"]
[SourceTitle "EXT 2003"]
[Source "ChessBase"]
[SourceDate "2002.11.25"]
[SourceVersion "1"]
[SourceVersionDate "2002.11.25"]
[SourceQuality "1"]

1. e4 c5 2. d4 cxd4 3. c3 e5 4. Nf3 Nc6 5. cxd4 exd4 6. Nxd4 Nf6 7. Nxc6 bxc6 8. Nc3 Bb4 9. Bd2 Qe7 10. Bd3 0-0 11. 0-0 Rb8 12. Re1 d6 13. Bf4 Bc5 14. h3 Rxb2 15. Bg3 Be6 16. Na4 Rxa2 17. Rxa2 Bxa2 18. Nxc5 dxc5 19. e5 Nd5 20. Qh5 h6 21. Bh4 Qe6 22. Bf5 Qe8 23. Qg4 Qb8 24. Bf6 Nxf6 25. exf6 g6 26. Bxg6 Kh8 27. Qh4 1-0

[Event "Catalunya-chB"]
[Site "Spain"]
[Date "1996.11.03"]
[Round "5"]
[White "Gonzalez Moreno, Antoni"]
[Black "Guerrero Roman, Eulalio"]
[Result "1-0"]
[WhiteElo "1910"]
[BlackElo "1900"]
[PlyCount "96"]
[EventDate "1997.??.??"]
[EventType "swiss"]
[EventRounds "8"]
[EventCountry "ESP"]
[SourceTitle "EXT 2003"]
[Source "ChessBase"]
[SourceDate "2002.11.25"]
[SourceVersion "1"]
[SourceVersionDate "2002.11.25"]
[SourceQuality "1"]

1. c4 Nf6 2. Nc3 g6 3. d4 Bg7 4. e4 d6 5. Bg5 0-0 6. Nf3 c6 7. Be2 Qc7 8. 0-0 Nbd7 9. Qd2 e5 10. d5 Nc5 11. Qc2 a5 12. a3 a4 13. Be3 Nb3 14. Rad1 Ng4 15. Bg5 h6 16. Bh4 Nc5 17. Qd2 f5 18. exf5 gxf5 19. dxc6 e4 20. Nd4 bxc6 21. h3 Ne5 22. Nc2 Ncd3 23. Ne1 Nxc4 24. Qc2 Ndxb2 25. Bxc4+ Nxc4 26. Ne2 d5 27. Qc1 f4 28. Nc2 Bb2 29. Qb1 Rb8 30. Qa2 Qg7 31. Kh2 f3 32. gxf3 Kh8 33. Rg1 Qd7 34. Rg3 Rxf3 35. Rxf3 exf3 36. Ng1 Rb3 37. Bg3 Qb7 38. Re1 Bd7 39. Ne3 Rxa3 40. Qb1 Ra1 41. Qxb2+ Qxb2 42. Nxc4 dxc4 43. Be5+ Kh7 44. Bxb2 Rxe1 45. Nxf3 Rb1 46. Bd4 Rb3 47. Nd2 Rxh3+ 48. Kg2 c3 1-0

[Event "Catalunya-chB"]
[Site "Spain"]
[Date "1996.10.27"]
[Round "4"]
[White "Guerrero Roman, Eulalio"]
[Black "Bollero Romera, Alfonso"]
[Result "0-1"]
[WhiteElo "1900"]
[BlackElo "1955"]
[PlyCount "64"]
[EventDate "1997.??.??"]
[EventType "swiss"]
[EventRounds "8"]
[EventCountry "ESP"]
[SourceTitle "EXT 2003"]
[Source "ChessBase"]
[SourceDate "2002.11.25"]
[SourceVersion "1"]
[SourceVersionDate "2002.11.25"]
[SourceQuality "1"]

1. c4 e5 2. Nc3 Nf6 3. d3 h6 4. Nf3 Nc6 5. e3 Bb4 6. Bd2 0-0 7. Be2 d5 8. 0-0 d4 9. exd4 exd4 10. Nb1 Bd6 11. Re1 Re8 12. Qb3 Rb8 13. Na3 Bg4 14. Nb5 Bc5 15. Bf4 Rc8 16. h3 Bh5 17. Na3 Bb4 18. Nc2 Bxe1 19. Rxe1 Bxf3 20. Bxf3 Rxe1+ 21. Nxe1 g5 22. Bg3 Rb8 23. Nc2 Ne7 24. Qa4 Nf5 25. Be5 Nh4 26. Bd1 a6 27. Nxd4 Qe7 28. Bg3 Rd8 29. Nf3 Rxd3 30. Ne5 Rd2 31. Bc2 Nh5 32. Ng4 Nxg3 0-1